000 00875nas a2200289 4500
001 BR0700276
003 BR-BrBNA
005 20231205110509.0
007 ta
008 230509b bl.|||p| |||| 00| 00por d
040 _aBR-BrBNA
_bpor
_cBiblioteca Nacional de Agricultura
041 _a(En)
072 _aL53; L74
100 1 _aAraújo, A.A. de
100 1 _aBrasil, A.F.
100 1 _aMoura, A.A.A.N.
100 1 _aLima, A.C.B. de
245 1 _aFetal mummification in a cow with twin gestation and retention of the fetuses in the vagina: a case report
650 _aVACA LEITEIRA
650 _aGESTAÇÃO
650 _aFETO
650 _aVAGINA
650 _aDISTURBIO ANIMAL
773 0 _tRevista Ciência Agronômica (Brazil)
_xISSN 0045-6888
_g(2006), v. 37(1) p. 113-116
_wBR0700276
909 _a202311
_bLúcia
_c55
_dLúcia Elande
942 _2AGRIS
_n0
_cANA
999 _c187624
_d187624